| 000 | 01089nam a2200301 a 4500 | ||
|---|---|---|---|
| 003 | AR-BaBNM | ||
| 005 | 20251128203754.0 | ||
| 008 | 082120s2002 ||||||||||||||000 | spa|| | ||
| 040 | _cAR-BaBNM | ||
| 100 | 1 | _aGreen, Edward J. | |
| 245 | 0 | 0 | _aEl proceso del aprendizaje y la instrucción programada |
| 250 | _a3ª ed. | ||
| 260 |
_aBuenos Aires _bTroquel _c1970 |
||
| 300 |
_a189 p. _bdiagr. |
||
| 500 | _aContiene vocabulario | ||
| 500 | _aContiene apéndice | ||
| 500 | _aLos ejemplares cuyos número de inventario son 064339 y 064340 fueron preparados conjuntamente por la editorial y el Centro Regional de Ayuda Técnica, Agencia para el Desarrollo Internacional AID, Departamento de Estado del Gobierno de los Estados Unidos d | ||
| 504 | _aBibliografía: p. 181-184 | ||
| 650 | 4 | _aENSEÑANZA PROGRAMADA | |
| 650 | 4 | _aMETODOS DE ENSEÑANZA | |
| 650 | 4 | _aTEORIAS DEL APRENDIZAJE | |
| 650 | 4 | _aPROCESO DE APRENDIZAJE | |
| 650 | 4 | _aMOTIVACION DEL ALUMNO | |
| 700 | 1 |
_aSierra, Emilio _etraductor |
|
| 700 | 1 |
_aFranco, Elsa _etraductor |
|
| 942 | _cBK | ||
| 998 | _csilvi | ||
| 999 |
_c4883 _d4883 |
||